Znalosti a procesy v štátnej a verejnej správe
Enregistré dans:
| Auteur principal: | |
|---|---|
| Format: | Chapitre de livre |
| Langue: | slovaque |
| Tags: |
Pas de tags, Soyez le premier à ajouter un tag!
|
MARC
| LEADER | 00000naa$a2200000$$$4500 | ||
|---|---|---|---|
| 001 | 0117863 | ||
| 005 | 20240502083306.5 | ||
| 041 | 0 | |a slo | |
| 044 | |a CZ | ||
| 245 | 1 | 0 | |a Znalosti a procesy v štátnej a verejnej správe |c Eva Rakovská |
| 100 | 1 | |a Rakovská, Eva, 1963- | |